[Event "FRA-chT Top 12"]
[Site "Haguenau"]
[Date "2013.06.02"]
[Round "4.5"]
[White "Nezar, Mustapha"]
[Black "Maze, Sebastien"]
[Result "0-1"]
[WhiteElo "2396"]
[BlackElo "2543"]
[PlyCount "86"]
[EventDate "2013.05.30"]
[EventType "team-tourn"]
[EventRounds "11"]
[EventCountry "FRA"]
[SourceTitle "CBM 154 Extra"]
[Source "ChessBase"]
[SourceDate "2013.06.25"]
[SourceVersion "2"]
[SourceVersionDate "2013.06.25"]
[SourceQuality "1"]
[WhiteTeam "Vandoeuvre"]
[BlackTeam "Marseille Echecs"]
[WhiteTeamCountry "FRA"]
[BlackTeamCountry "FRA"]

1. e4 c5 2. Nf3 Nc6 3. d4 cxd4 4. Nxd4 g6 5. c4 Bg7 6. Be3 Nf6 7. Nc3 0-0 8. Be2 d6 9. 0-0 Bd7 10. Rc1 Nxd4 11. Bxd4 Bc6 12. f3 a5 13. Qd2 Nd7 14. Bf2 Nc5 15. Rfd1 Qb6 16. Rc2 Rfc8 17. Nd5 Qd8 18. Bh4 Bxd5 19. Qxd5 a4 20. Qd2 Ne6 21. Bf2 Qa5 22. Qc1 Nc5 23. Qe3 Rc6 24. f4 Na6 25. Rd5 Rc5 26. Qc1 Nb4 27. Bxc5 dxc5 28. Rd1 Bd4+ 29. Kf1 e5 30. fxe5 Qc7 31. Rcd2 Qxe5 32. a3 Nc6 33. Bf3 Qxh2 34. Ke2 Re8 35. Rh1 Qe5 36. Rc2 h5 37. Kf1 Qf6 38. Ke2 Be5 39. Kf1 Nd4 40. Rc3 Nb3 41. Rxb3 axb3 42. Qe3 Rd8 43. Ke1 Bg3+ 0-1

[Event "Luxembourg-chT 1213"]
[Site "Luxembourg"]
[Date "2013.04.10"]
[Round "8"]
[White "Sanikidze, Tornike"]
[Black "Nezar, Mustapha"]
[Result "1/2-1/2"]
[WhiteElo "2579"]
[BlackElo "2400"]
[PlyCount "135"]
[EventDate "2012.10.??"]
[EventType "team-tourn"]
[EventRounds "10"]
[EventCountry "LUX"]
[SourceTitle "EXT 2017"]
[Source "ChessBase"]
[SourceDate "2016.10.25"]
[SourceVersion "1"]
[SourceVersionDate "2016.10.25"]
[SourceQuality "1"]

1. d4 d5 2. c4 c6 3. Nf3 Nf6 4. e3 Bf5 5. Nc3 e6 6. Nh4 Bg4 7. Qb3 Qb6 8. h3 Bh5 9. g4 Bg6 10. Nxg6 hxg6 11. Qd1 Bb4 12. Bd2 Nbd7 13. c5 Qc7 14. Bg2 e5 15. Qa4 Bxc3 16. Bxc3 e4 17. b4 a6 18. Qd1 b6 19. Bf1 b5 20. a4 Rb8 21. Kd2 Rh4 22. Bg2 Nf8 23. Kc2 Ne6 24. Be1 Rh8 25. h4 g5 26. f3 exf3 27. Bxf3 gxh4 28. Bxh4 g5 29. Bf2 Ke7 30. Qg1 Rxh1 31. Bxh1 Qb7 32. Bg3 Rh8 33. Bd6+ Ke8 34. a5 Rh4 35. Bf3 Qd7 36. Bg3 Rh6 37. Qg2 Nf8 38. Re1 Kd8 39. Bh2 Ne4 40. Kb2 Qe6 41. Bxe4 dxe4 42. Rc1 Nd7 43. Qg3 Ke7 44. Qc7 Kf6 45. Qd8+ Kg7 46. Qxg5+ Rg6 47. Qh5 Rh6 48. Qg5+ Rg6 49. Qh4 Rxg4 50. Qh3 Rg6 51. Qf1 Nf6 52. Be5 Kf8 53. Qh1 Nd5 54. Qh8+ Ke7 55. Bd6+ Kd7 56. Qb8 Nxb4 57. Qc7+ Ke8 58. Qb8+ Kd7 59. Qb7+ Ke8 60. Qa8+ Kd7 61. Qa7+ Ke8 62. Qa8+ Kd7 63. Qb7+ Ke8 64. Qb8+ Kd7 65. Qc7+ Ke8 66. Qb8+ Kd7 67. Qb7+ Ke8 68. Qb8+ 1/2-1/2

[Event "Luxembourg-chT 1213"]
[Site "Luxembourg"]
[Date "2012.11.10"]
[Round "2"]
[White "Nezar, Mustapha"]
[Black "Yankelevich, Lev"]
[Result "1-0"]
[WhiteElo "2400"]
[BlackElo "2260"]
[PlyCount "83"]
[EventDate "2012.10.??"]
[EventType "team-tourn"]
[EventRounds "10"]
[EventCountry "LUX"]
[SourceTitle "EXT 2017"]
[Source "ChessBase"]
[SourceDate "2016.10.25"]
[SourceVersion "1"]
[SourceVersionDate "2016.10.25"]
[SourceQuality "1"]

1. e4 Nf6 2. e5 Nd5 3. d4 d6 4. c4 Nb6 5. f4 dxe5 6. fxe5 Nc6 7. Be3 Bf5 8. Nc3 e6 9. Nf3 Bg4 10. Qd2 Bb4 11. Be2 Na5 12. b3 c5 13. dxc5 Qxd2+ 14. Bxd2 Nd7 15. Nb5 Bxd2+ 16. Kxd2 Ke7 17. Nd6 Bxf3 18. Bxf3 Nxe5 19. b4 Nxf3+ 20. gxf3 Nc6 21. Kc3 b6 22. Rhe1 bxc5 23. bxc5 Rab8 24. Rab1 Rxb1 25. Rxb1 Rb8 26. Rxb8 Nxb8 27. Nc8+ Kd7 28. Nxa7 Na6 29. Kd4 e5+ 30. Kxe5 Nxc5 31. Kd5 Nd3 32. a4 Kc7 33. Nb5+ Kb6 34. Kd6 f5 35. Nc3 g5 36. c5+ Nxc5 37. Nd5+ Ka5 38. Kxc5 g4 39. f4 h5 40. Ne3 h4 41. Nxf5 g3 42. Nxg3 1-0

[Event "FRA-chT Top 12"]
[Site "Belfort"]
[Date "2012.06.06"]
[Round "7.6"]
[White "Bellahcene, Bilel"]
[Black "Nezar, Mustapha"]
[Result "0-1"]
[WhiteElo "2347"]
[BlackElo "2391"]
[PlyCount "64"]
[EventDate "2012.05.31"]
[EventType "team-tourn"]
[EventRounds "11"]
[EventCountry "FRA"]
[SourceTitle "CBM 148 Extra"]
[Source "ChessBase"]
[SourceDate "2012.06.22"]
[SourceVersion "1"]
[SourceVersionDate "2012.06.22"]
[SourceQuality "1"]
[WhiteTeam "Bischwiller"]
[BlackTeam "Vandoeuvre"]
[WhiteTeamCountry "FRA"]
[BlackTeamCountry "FRA"]

1. d4 d5 2. c4 c6 3. Nf3 Nf6 4. Nc3 dxc4 5. a4 Bg4 6. Ne5 Bh5 7. Nxc4 e6 8. g3 Na6 9. Bg2 Nb4 10. 0-0 a5 11. h3 Be7 12. g4 Bg6 13. e4 Nd7 14. f4 f6 15. Qe2 Nb6 16. Nxb6 Qxb6 17. Be3 Qa6 18. Qf2 f5 19. d5 cxd5 20. exf5 Bf7 21. fxe6 Bxe6 22. Rfd1 0-0 23. Nxd5 Bxd5 24. Bxd5+ Nxd5 25. Rxd5 Qc6 26. Rb5 Rae8 27. Qg2 Bd6 28. Qxc6 bxc6 29. Rb3 Rxe3 30. Rxe3 Bc5 31. Rae1 Rxf4 32. b3 Rf3 0-1